Les classes jouables d'Horizon (Noob/Olydri) - Statistiques

Statistiques générales
  • Ce quiz a été pris 39 fois
  • Le résultat moyen est 11 sur 18
Statistiques - réponses
Réponse % Correct
Classe Guerrier.re
95%
Classe Invocateur.ice
91%
Classe Prêtre.sse
86%
Classe Cartomancien.ne
77%
Classe Mage
77%
Classe Paladin.ne
77%
Classe Assassin.ne
73%
Classe Berserker
73%
Classe Élémentaliste
68%
Classe Néogicien.ne
68%
Classe Druide.sse
59%
Classe Légendaire du Crépuscule
59%
Classe Nécromancien.ne
55%
Classe Légendaire de l'Aurore
50%
Classe Archer.e
41%
Classe Légendaire de l'Éternel
32%
Classe Légendaire Teknögrade
23%
Classe Légendaire Héroïque
14%
Aucun quiz correspondant
Distribution des résultats
% des personnes avec chaque résultat
Percentile par nombre de réponses
Votre historique - résultats
Vous n’avez pas pris ce quiz